| 000 | 00474nam a2200157 i 4500 | ||
|---|---|---|---|
| 001 | 41696 | ||
| 003 | ES-MaACL | ||
| 005 | 20230906160457.0 | ||
| 007 | t| | ||
| 008 | 030311s1963 sp ||||1| spa d | ||
| 100 | 1 |
_aCasanova de Párraga, Diego Antonio. _936112 |
|
| 245 | 1 | 3 |
_aEl Almanzora _b: (evocación de un río) / _cDiego Antonio Casanova Párraga. |
| 260 |
_aMadrid : _b[s.n., _c1963] |
||
| 300 |
_a87 p., 25 lám. ; _c24 cm. |
||
| 852 |
_aES-MaACL _jC-24788 _bR.53395 |
||
| 999 |
_c41696 _d41696 |
||